Determinants of inflation, exchange rate, and output in Nigeria
Uložené v:
| Hlavný autor: | |
|---|---|
| Médium: | Kniha |
| Jazyk: | English |
| Vydavateľské údaje: |
Washington
IMF
1998
|
| Edícia: | IMF working paper
WP/98/160 |
| Predmet: | |
| Tagy: |
Žiadne tagy, Buďte prvý, kto otaguje tento záznam!
|
MARC
| LEADER | 00000nam a2200000 4500 | ||
|---|---|---|---|
| 001 | c106910 | ||
| 005 | 20250509103937.7 | ||
| 041 | 0 | |a eng | |
| 044 | |a US | ||
| 245 | 1 | 0 | |a Determinants of inflation, exchange rate, and output in Nigeria |c Prepared by Louis Kuijs |
| 264 | 1 | |a Washington |b IMF |c 1998 | |
| 300 | |a 33 s. | ||
| 490 | 1 | |a IMF working paper |v WP/98/160 | |
| 830 | 0 | |a IMF working paper |v WP/98/160 | |
| 610 | 2 | 0 | |a inflácia |
| 610 | 2 | 0 | |a ukazovatele |
| 610 | 2 | 0 | |a kurz devízový |
| 610 | 2 | 0 | |a výroba |
| 610 | 2 | 0 | |a produkcia |
| 610 | 2 | 0 | |a makroekonomika |
| 610 | 2 | 0 | |a modely makroekonomické |
| 610 | 2 | 0 | |a peniaze |
| 610 | 2 | 0 | |a ceny |
| 610 | 2 | 0 | |a analýzy |
| 610 | 2 | 0 | |a modely dynamické |
| 610 | 2 | 0 | |a produkt domáci hrubý |
| 610 | 2 | 0 | |a situácia hospodárska |
| 610 | 2 | 0 | |a Nigéria |
| 100 | 1 | |a Kuijs, Louis | |